| 000 | 00526cam a2200205ua 4500 | ||
|---|---|---|---|
| 001 | 934 | ||
| 005 | 20260515113240.0 | ||
| 008 | 110423n ii |||gr||||Z||||||eng | ||
| 020 | _a81-7096-239-0 | ||
| 040 | _cMAIN | ||
| 082 | _a320.954 | ||
| 245 | 1 |
_aIndian government and politics. _cBy S L Sikri. |
|
| 250 | _a1st. | ||
| 260 |
_aNew Delhi.: _bKalyani publishers., _c2004. |
||
| 300 |
_a318 p.: _c32 cm. |
||
| 653 | _aPolitical science. | ||
| 653 | _aIndian government and politics. | ||
| 700 | 1 | _aSikri, S L., | |
| 942 | _cBK | ||
| 999 |
_c857 _d857 |
||